000
00243 a2200097 4500
001
12741
100
_a
Bishop, Tichard
245
_a
Intelligent Vehicle Technology and Trends
260
_a
Boston
_b
Artech House Inc
_c
2005
090
_c
9741
_d
9741
942
_a
NUST-CAE
_c
M
_c
36646
999
_c
247814
_d
247814